| Tag |
First Indicator |
Second Indicator |
Subfields |
| LEADER |
00000cam a2200000 4500 |
| 001 |
in00000038472 |
| 005 |
20151007081053.0 |
| 008 |
750304s1953 eng u |
| 010 |
|
|
|a 53012393
|
| 035 |
|
|
|a (OCoLC)01199853
|
| 035 |
|
|
|9 AAF5828AM
|
| 040 |
|
|
|c BCT
|d TXA
|d UtOrBLW
|
| 049 |
|
|
|a TXAM
|c [223781]
|
| 050 |
0 |
0 |
|a BR115.W2
|b A4
|
| 082 |
0 |
|
|a 261.6
|
| 092 |
|
|
|a 172.4
|b A225w
|
| 100 |
1 |
|
|a Addison, James Thayer,
|d 1887-1953.
|
| 245 |
1 |
0 |
|a War, peace, and the Christian mind ;
|b a review of recent thought /
|c Foreword by Henry Knox Sherrill.
|
| 264 |
|
1 |
|a Greenwich, Conn. :
|b Seabury Press,
|c 1953.
|
| 300 |
|
|
|a 112 pages ;
|c 20 cm.
|
| 336 |
|
|
|a text
|b txt
|2 rdacontent
|
| 337 |
|
|
|a unmediated
|b n
|2 rdamedia
|
| 338 |
|
|
|a volume
|b nc
|2 rdacarrier
|
| 650 |
|
0 |
|a War
|x Religious aspects.
|
| 999 |
|
|
|a MARS
|
| 999 |
f |
f |
|s 5b510557-4c24-376f-8386-19830e59e30d
|i d4c4e741-1b27-39d6-b720-19934d6f3758
|t 0
|
| 952 |
f |
f |
|p ric
|a Texas A&M University
|b Rellis Campus
|c Joint Library Facility
|d Remote Storage
|t 0
|e BR115.W2 A4
|h Library of Congress classification
|i unmediated -- volume
|m A14800534129
|
| 998 |
f |
f |
|a BR115.W2 A4
|t 0
|l Remote Storage
|